Подробности
| 000 -МАРКЕР |
| контрольное поле |
01060nam0a22002891 4500 |
| 001 - ИДЕНТИФИКАТОР ЗАПИСИ |
| контрольное поле |
RU\INFOCOMM_327\NLR\5000029987 |
| 005 - ИДЕНТИФИКАТОР ВЕРСИИ |
| контрольное поле |
20260407071507.0 |
| 010 ## - МЕЖДУНАРОДНЫЙ СТАНДАРТНЫЙ НОМЕР КНИГИ (ISBN) |
| Тираж |
8000 экз. |
| Цена |
3 р. |
| 035 ## - ДРУГИЕ СИСТЕМНЫЕ НОМЕРА |
| Идентификатор записи |
(NLR Aleph) 009566488 |
| 100 ## - ДАННЫЕ ОБЩЕЙ ОБРАБОТКИ |
| Данные общей обработки |
20130213d1953 |||y0rusy50 ca |
| 101 0# - ЯЗЫК РЕСУРСА |
| Язык текста, звукозаписи и т.д. |
французский |
| 102 ## - СТРАНА ПУБЛИКАЦИИ ИЛИ ПРОИЗВОДСТВА |
| Страна публикации |
российская федерация |
| 105 ## - ПОЛЕ КОДИРОВАННЫХ ДАННЫХ: ТЕКСТОВЫЕ МАТЕРИАЛЫ, МОНОГРАФИЧЕСКИЕ |
| Кодированные данные о монографическом текстовом документе |
y z ||||| |
| 200 1# - ЗАГЛАВИЕ И СВЕДЕНИЯ ОБ ОТВЕТСТВЕННОСТИ |
| Основное заглавие |
Rapport présenté au XIX-e congrès du parti sur l'activité du Comité Central ou Parti Communiste (bolchévik) de l'URSS le 5 oct. 1952 |
| 210 ## - ПУБЛИКАЦИЯ, РАСПРОСТРАНЕНИЕ И ДР. |
| Место издания, распространения и т.д. |
M. |
| Имя издателя, распространителя и т. д. |
Ed. en langues étrangères |
| Дата издания, распространения и т.д. |
1953 |
| 215 ## - ФИЗИЧЕСКАЯ ХАРАКТЕРИСТИКА |
| Специфическое обозначение материала и объем |
139 с. |
| Другие сведения о физической характеристике |
портр. |
| Размеры |
20 см |
| 620 ## - МЕСТО И ДАТА ПУБЛИКАЦИИ, ИСПОЛНЕНИЯ И Т. Д. |
| Страна |
Москва |
| 686 ## - ИНДЕКСЫ ДРУГИХ КЛАССИФИКАЦИЙ |
| Индекс |
КПСС(19 съезд) |
| Код системы |
|
| 700 #1 - ИМЯ ЛИЦА - ПЕРВИЧНАЯ ОТВЕТСТВЕННОСТЬ |
| Графика поля |
Латинская |
| Материалы, к которым относится поле |
rus |
| Начальный элемент ввода |
Malenkov |
| Часть имени, кроме начального элемента ввода |
G. M. |
| Даты |
1902-1988 |
| Расширение инициалов личного имени |
Georgij Maksimilianovič |
| Идентификатор авторитетной/нормативной записи |
RU\NLR\AUTH\770278824 |
| Системный номер авторитетной/нормативной записи |
2650791 |
| 712 02 - НАИМЕНОВАНИЕ ОРГАНИЗАЦИИ - ВТОРИЧНАЯ ОТВЕТСТВЕННОСТЬ |
| Начальный элемент ввода |
PC de l'Union Soviétique |
| Структурное подразделение |
Comité Central |
| Код отношения |
Прочие |
| 712 02 - НАИМЕНОВАНИЕ ОРГАНИЗАЦИИ - ВТОРИЧНАЯ ОТВЕТСТВЕННОСТЬ |
| Начальный элемент ввода |
PC de l'Union Soviétique |
| Структурное подразделение |
Congrès |
| Порядковый номер временной организации и / или порядковый номер ее части |
19 |
| Место проведения временной организации |
Moscou |
| Дата проведения временной организации |
1952 |
| Код отношения |
Прочие |
| 801 #1 - ИСТОЧНИК ЗАПИСИ |
| Страна |
российская федерация |
| Организация |
Infocomm |
| Дата составления |
20130213 |
| 801 #0 - ИСТОЧНИК ЗАПИСИ |
| Страна |
российская федерация |
| Организация |
INFOCOMM |
| Правила каталогизации |
PSBO |
| 852 ## - МЕСТОНАХОЖДЕНИЕ И ШИФР ХРАНЕНИЯ |
| Идентификатор организации |
NLR |
| Шифр хранения (Call Number) |
Ип31 Г-3/54 |
| 942 ## - ДОПОЛНИТЕЛЬНЫЕ ЭЛЕМЕНТЫ ЗАПИСИ (АБИС) |
| Тип экземпляра АБИС |
Книга |
| 980 ## - КОЛЛЕКЦИЯ |
| Название коллекции |
Национальная библиография |